Petit bac A-Z - Statistiques

Statistiques générales
  • Ce quiz a été pris 3 000 fois
    2 927 depuis la dernière actualisation
  • Le résultat moyen est 20 sur 26
Statistiques - réponses
Lettre Propositions Réponse % Correct
E Pays Espagne | Ethiopie | Erythrée | Estonie | Eswatini | Egypte | Emirats Arabes Unis | Equateur | États-Unis
98%
J Émotion Joie | Jalousie
97%
M Moment de la journée Matin | Midi | Minuit
97%
B Métier Bardeur | Barman | Boucher | Boulanger | Bricoleur | Bancheur | Bucheron | Bijoutier | Barista | Boxeur | Barbier | Berger | Balayeur | Bibliothécaire | Batelier | Botaniste | Banquier | Bottier | Brasseur | Brancardier | Bagagiste | Bassiste |
96%
K Animal Kangourou | Kiwi | Koala | Krill | Kakapo | Kinkajou | Kulan | Koudou | Kamichi | Kéa | Kinkajou | Kulan | Koudou | Kamichi | Kéa
96%
X Prénom Xavier | Xavière | Xan | Xabi | Xenia | Xana | Ximun | Xena | Xavi | Xuan | Xuan | Xalbat | Xabier | Xander | Xia| Xane | Xanti | Xi
93%
R Fleur Rose | Rosier | Rhododendron | Renoncule | Rutabaga|Roseau|Ricin| Raiponce | Rafflesia | Réséda | Ricine | Reine des prés | Robinier | Rameau | Roncier | Rodiola | Ramboutan | Rouget | Reine-des-bois | Renouée | Reine-des-bois | Renouée
92%
Y Monnaie Yen | Yuan
90%
T Boisson Tang | Tango | Tequila | Tropico | Tab | Tazo | Terelj | Tetley | The | Thundertaste | Tisane | Tourtel Twist | Tropico | Twinings
88%
F Partie de la voiture Façade de tableau de bord | Feux | Freins | Filtre | Fenêtre
87%
D Race de chien Dalmatien | Dandie | Dinmont Terrier | Deerhound | Dingo | Dobermann | Dogue
84%
H Arme de combat Hache | Hallebarde
82%
A Film Disney Aladdin | Alerte rouge | Alice au pays des merveilles | Les Aristochats | Atlantide, l'empire perdu | Avalonia | Les Aventures de Bernard et Bianca | Les Aventures de Winnie l'ourson
78%
N Langue étrangère Néerlandais | Norvégien | Nahuatl | Népalais | Nauruan
76%
Z Verbe Zapper | Zébrer | Zézayer | Zieuter | Zigouiller | Zigzaguer | Zinguer| Zinzinuler | Zipper | Zoner | Zoomer | Zouker | Zozoter | Zwanzer | Zombifier
74%
I Département français Ille-et-Vilaine | Indre | Indre-et-Loire | Isère
74%
S Élément du tableau périodique Samarium | Scandium |Seaborgium | Sélénium | Silicium | Sodium | Strontium | Soufre
74%
C Jeu vidéo Cabela | Call of Duty | Castle clash | Cat Quest | Candy Crush | Chaos | City of heroes | Civilization | Civil War | Clash of Clans | Clash Royal | Counter Strike | Crysis | Crusader kings | Cuphead | Cyberpunk | Castlevania | Crash Bandicoot | Cityville | Celeste | Command & Conquer | Child of Light | Cooking Mama
71%
Q Aliment ou plat Quetsche | Queche | Quiche | Quinoa | Quatre-Quarts | Quenelle | Quignon | Quesadilas
71%
G Nom de famille dans Harry Potter Granger | Geignarde | Grindelwald | Greengrass | Gryffondor | Goyle | Gaunt | Gobe-Planche | Gregorovitch | Goldstein | Greyback
66%
U Marque Uhu | Ubereats | Ubisoft | Uniqlo|Umbro|Unilever | Undiz | Ugg |Unkut | Ushuaia | Uniclo | UPS | Unicorn | Under armour | Ubuntu | Utile | Ulule | Urgo | Urbanoutfitters | Ultima | Ushaia | Uncle bens
66%
P Site internet (hors sites déconseillés aux mineurs) Paypal | Pinterest | Pronote | Pedantix | Pokepedia | Picard | Pinkie | Primark | Peugeot | Prada | Pandora | Porsche | Pizza Hut | Patagonia | Panasonic | Panzani | Pokemon | Pampers | Pull and Bear | Police | Paris | Priceminister | Prime Video | Photoshop | Proximus | Pringles
65%
L Instrument de musique Lithophone | Luth | Lyre
62%
W Sport Wakeboard | Water-polo | Waveboard | Wing chun | Wushu
60%
V Compagnie aérienne Van Air Europe | Venezolana | Vietnam Airlines | Virgin | Volotea | Vueling
45%
O Pokémon Obalie | Octillery | Ohmassacre | Okéoké | Oniglali | Onix | Opermine | Oratoria | Ortide | Ossatueur | Osselait | Otaquin | Otaria | Otarlette | Ouisticram | Ouvrifier | Ouistempo | Ogerpon | Olivini | Olivado | Oyacata
39%
Aucun quiz correspondant
Distribution des résultats
% des personnes avec chaque résultat
Percentile par nombre de réponses
Votre historique - résultats
Vous n’avez pas pris ce quiz depuis la dernière actualisation